ICEI 2012 proceedings of the 1st International conference on european integration 2012 : 17th - 18th may, 2012, Ostrava, Czech Republic

Guardado en:
Detalles Bibliográficos
Autores Corporativos: ICEI 2012. International conference, Faculty of Economics VŠB – Technical University of Ostrava. Department of European Integration
Otros Autores: Honová, Iva, Melecký, Lukáš, Staníčková, Michaela, Dvoroková, Kateřina, Fojtíková, Lenka
Formato: Libro
Lenguaje:inglés
Publicado: Ostrava VŠB - Technical University of Ostrava 2012
Edición:1st ed.
Materias:
Etiquetas: Agregar Etiqueta
Sin Etiquetas, Sea el primero en etiquetar este registro!

MARC

LEADER 00000nlm a2200000 4500
001 0230018
005 20220726123244.0
020 |a 978-80-248-2685-1 
041 0 |a eng 
044 |a CZ 
245 1 0 |a ICEI 2012  |b proceedings of the 1st International conference on european integration 2012 : 17th - 18th may, 2012, Ostrava, Czech Republic  |c editors: Iva Honová, Lukáš Melecký, Michaela Staníčková 
250 |a 1st ed. 
264 1 |a Ostrava  |b VŠB - Technical University of Ostrava  |c 2012 
300 |a online [329 s.] 
610 2 0 |a integrácia ekonomická medzinárodná 
610 2 0 |a spolupráca hospodárska medzinárodná 
610 2 0 |a vzťahy hospodárske medzinárodné 
610 2 0 |a Európska únia 
610 2 0 |a Slovensko 
700 1 |a Honová, Iva 
700 1 |a Melecký, Lukáš 
700 1 |a Staníčková, Michaela 
700 1 |a Dvoroková, Kateřina 
700 1 |a Fojtíková, Lenka 
110 2 |a ICEI 2012. International conference 
710 2 |a Faculty of Economics VŠB – Technical University of Ostrava. Department of European Integration